Saltar al contenido
Inicio
Centros participantes
Catálogo
Servicios
Contacto
Prijava
English
Deutsch
Español
Français
Italiano
日本語
Nederlands
Português
Português (Brasil)
中文(简体)
中文(繁體)
Türkçe
עברית
Gaeilge
Cymraeg
Ελληνικά
Català
Euskara
Русский
Čeština
Suomi
Svenska
polski
Dansk
slovenščina
اللغة العربية
বাংলা
Galego
Tiếng Việt
Hrvatski
हिंदी
Հայերէն
Українська
Sámegiella
Jezik
Vsa polja
Naslov
Avtor
Tema
Signatura
ISBN/ISSN
Oznaka
Išči
Napredno
Hacia una teoría del Estado en...
Citiraj
Pošljite email
Natisni
Izvozi zadetek
Izvozi v RefWorks
Izvozi v EndNoteWeb
Izvozi v EndNote
Dodaj v priljubljene
Enlace Permanente
Agregar primera valuación
Hacia una teoría del Estado en las formaciones sociales periféricas
Shranjeno v:
Bibliografske podrobnosti
Glavni avtor:
Pérez Sáinz, Juan Pablo
Format:
Texto
Izdano:
s.l:
s.e.
Oznake:
Označite
Brez oznak, prvi označite!
Zaloga
Opis
Komentarji
Podobne knjige/članki
Knjižničarski pogled
MARC
LEADER
00000 a a2200000 04500
001
24389
003
040
090
|a
172900
100
|a
Pérez Sáinz, Juan Pablo
245
|a
Hacia una teoría del Estado en las formaciones sociales periféricas
260
|a
s.l:
|b
s.e.
300
|a
pp. 11-50
999
|c
12873
|d
12873
Podobne knjige/članki
El Ecuador en las urnas lucha social-lucha política
od: Acosta, Adrian
Entre la Plata y Bogotá: cuatro claves de la emancipación ecuatoriana
od: Ramos Pérez, Demetrio
Ecuador agrario, ensayos de interpretación
od: Chiriboga, Manuel
Fundación de ciudades serranas
od: Landázuri Camacho, Carlos
Proceso electoral y futuro político
od: Verdesoto C., Luis F